Collectice Wisdom <A> Sourcebook of Lessons for Writing Teachers

Gespeichert in:
Bibliographische Detailangaben
1. Verfasser: Stang, Sondra J.
Weitere Verfasser: Wiltenburg, Robert
Format: Buch
Sprache:Englisch
Veröffentlicht: New York Random House 1988
Ausgabe:1. ed.
Tags: Tag hinzufügen
Keine Tags, Fügen Sie das erste Tag hinzu!

MARC

LEADER 00000nam a2200000 4500
001 c027582
005 20221219115554.2
041 0 |a eng 
044 |a US 
245 1 0 |a Collectice Wisdom  |b <A> Sourcebook of Lessons for Writing Teachers  |c Sondra J. Stang, Robert Wiltenburg 
250 |a 1. ed. 
264 1 |a New York  |b Random House  |c 1988 
300 |a 365 s. 
100 1 |a Stang, Sondra J. 
700 1 |a Wiltenburg, Robert